00526nam a22001577a 450000500170000001000130001702000260003003500130005603700390006908200120010810000250012024500900014526000560023527000530029130000240034420221017162211.0 aB-746001 a9788126930081c595.00 aB-746001 bAtlantic Publishers & Distributors a891.109 aBhelkar, Ratnakar D. aIndian literature:btranslated texts, indianness and beyond /cby Ratnakar D. Bhelkar aNew DelhibAtlantic Publishers & Distributorsc2019 a7/22 ,Ansari Road, Daryaganj,bNew Delhie110002 avi, 164p.c22cm(Hb)